A commentary on selected speeches of Isaios /

In A Commentary on Selected Speeches of Isaios , Brenda Griffith-Williams offers a fresh insight, accessible to non-Greek readers, into four disputed inheritance cases from the Athenian courts in the 4th century B.C. The only comprehensive English language commentary on Isaios (Wyse, 1904) reflects...

وصف كامل

محفوظ في:

المؤلف الرئيسي: Griffith-Williams, Brenda.

مؤلفون آخرون: Isaeus, approximately 420 B.C.-approximately 350 B.C.

التنسيق: كتاب الكتروني

اللغة: English
Ancient Greek

منشور في: Leiden ; Boston : Brill, 2013.

سلاسل: Mnemosyne, Supplements 364.
Mnemosyne Supplements Online, Volumes 204-407, ISBN: 9789004322288.

الموضوعات:

الوصول للمادة أونلاين: Login to view Source

الوسوم: إضافة وسم

لا توجد وسوم, كن أول من يضع وسما على هذه التسجيلة!

رقم الطلب: KL4196 .G75 2013

LEADER 03327nam a2200577 i 4500
001 BRILL9789004260184
003 nllekb
005 20230529210332.0
006 m d
007 cr un uuuua
008 130730s2013 ne a sb 001 0 eng d
010 |a  2013026804 
020 |a 9789004260184  |q (electronic book) 
020 |z 9789004258570  |q (print) 
024 7 |a 10.1163/9789004260184  |2 DOI 
040 |a NL-LeKB  |c NL-LeKB  |e rda 
041 1 |a eng  |h grc 
043 |a e-gr--- 
050 4 |a KL4196  |b .G75 2013 
072 7 |a K  |2 lcco 
072 7 |a HBLA1  |2 bicssc 
072 7 |a HIS  |x 039000  |2 bisacsh 
082 0 4 |a 340.5/38  |2 23 
100 1 |a Griffith-Williams, Brenda. 
245 1 2 |a A commentary on selected speeches of Isaios /  |c by Brenda Griffith-Williams. 
264 1 |a Leiden ;  |a Boston :  |b Brill,  |c 2013. 
300 |a 1 online resource (xx, 272 pages) :  |b illustrations. 
336 |a text  |b txt  |2 rdacontent 
337 |a computer  |b c  |2 rdamedia 
338 |a online resource  |2 rdacarrier 
490 1 |a Mnemosyne, Supplements ;  |v v. 364 
500 |a Revision of the author's doctoral thesis, University of London, 2009. 
504 |a Includes bibliographical references (p. 257-261) and index. 
505 0 0 |a Preliminary Material -- General Introduction -- Isaios 7: On the Estate of Apollodoros -- Isaios 8: On the Estate of Kiron -- Isaios 9: On the Estate of Astyphilos -- Isaios 10: On the Estate of Aristarkhos -- Appendix: Catalogue of Contested Court Hearings in Athenian Inheritance Disputes -- Glossary -- Bibliography -- General Index -- Index of Ancient Sources. 
506 |a Available to subscribing member institutions only. 
520 |a In A Commentary on Selected Speeches of Isaios , Brenda Griffith-Williams offers a fresh insight, accessible to non-Greek readers, into four disputed inheritance cases from the Athenian courts in the 4th century B.C. The only comprehensive English language commentary on Isaios (Wyse, 1904) reflects a negative view of the Athenian legal system as one in which the judges, who had no legal training, could be easily outwitted by an unscrupulous speechwriter with no regard for the truth. By addressing the complex interplay of factual, legal, and rhetorical issues in the selected speeches, Brenda Griffith-Williams identifies the strengths and weaknesses of each speaker's case and presents a more balanced assessment of Isaios's work. 
546 |a In English with quotations in Greek. 
559 4 |a KL4196 .G75 2013 
600 0 0 |a Isaeus,  |d approximately 420 B.C.-approximately 350 B.C.  |v Translations into English. 
650 0 |a Inheritance and succession (Greek law) 
650 0 |a Speeches, addresses, etc., Greek  |v Translations into English. 
650 0 |a Forensic orations  |z Greece  |z Athens  |x History  |y To 1500. 
700 0 |a Isaeus,  |d approximately 420 B.C.-approximately 350 B.C. 
776 0 |z 9789004260184 (online) 
776 0 |w (GyWOH)har135020738 
830 0 |a Mnemosyne, Supplements  |v 364. 
830 0 |a Mnemosyne Supplements Online, Volumes 204-407, ISBN: 9789004322288. 
856 4 |z DOI:   |u http://dx.doi.org/10.1163/9789004260184 
942 |2 lcc  |c EBOOK 
952 |0 0  |1 0  |2 lcc  |4 0  |6 KL4196 G75 02013  |7 1  |9 47866  |a BRILL  |b BRILL  |d 2023-05-29  |l 0  |o KL4196 .G75 2013  |r 2023-05-29 00:00:00  |w 2023-05-29  |y EBOOK 
999 |c 53210  |d 53210